LEADER 01281nam1 2200421 450 001 990005940930203316 005 20140401104747.0 010 $a978-88-13-30898-8 035 $a000594093 035 $aUSA01000594093 035 $a(ALEPH)000594093USA01 035 $a000594093 100 $a20140401d2014----km-y0itay50------ba 101 $aita 102 $aIT 105 $a||||||||001yy 200 1 $aDiritto industriale italiano$fMassimo Scuffi, Mario Franzosi 210 $aPadova$cCedam$d2014 215 $a2 tomi$d24 cm 410 0$12001 454 1$12001 461 1$1001-------$12001 463 \1$1001990005941000203316$12001 $a<> Diritto sostanziale 463 \1$1001990005941010203316$12001 $a<> Diritto procedimentale e processuale 606 0 $aDiritto industriale$xItalia$2BNCF 676 $a346.45048 700 1$aSCUFFI,$bMassimo$0262430 701 1$aFRANZOSI,$bMario$0227437 801 0$aIT$bsalbc$gISBD 912 $a990005940930203316 951 $add$bG.$ccc 959 $aBK 969 $aGIU 979 $aFIORELLA$b90$c20140401$lUSA01$h0951 979 $aFIORELLA$b90$c20140401$lUSA01$h1045 979 $aFIORELLA$b90$c20140401$lUSA01$h1047 996 $aDiritto industriale italiano$91072676 997 $aUNISA LEADER 03004oam 2200685I 450 001 9910463156003321 005 20200520144314.0 010 $a0-203-11031-5 010 $a1-283-97306-5 010 $a1-136-27433-2 024 7 $a10.4324/9780203110317 035 $a(CKB)2670000000325609 035 $a(EBL)1114703 035 $a(OCoLC)827208907 035 $a(SSID)ssj0000821652 035 $a(PQKBManifestationID)12355176 035 $a(PQKBTitleCode)TC0000821652 035 $a(PQKBWorkID)10878748 035 $a(PQKB)10745202 035 $a(MiAaPQ)EBC1114703 035 $a(Au-PeEL)EBL1114703 035 $a(CaPaEBR)ebr10650304 035 $a(CaONFJC)MIL428556 035 $a(OCoLC)828741961 035 $a(EXLCZ)992670000000325609 100 $a20180706d2013 uy 0 101 0 $aeng 135 $aur|n|---||||| 181 $ctxt 182 $cc 183 $acr 200 00$aCaribbean sovereignty, development and democracy in an age of globalization /$fedited by Linden Lewis 210 1$aNew York, N.Y. :$cRoutledge,$d2013. 215 $a1 online resource (261 p.) 225 1 $aRoutledge advances in international relations and global politics ;$v100 225 0$aRoutledge advances in international relations and global politics ;$v100 300 $aDescription based upon print version of record. 311 $a1-138-91467-3 311 $a0-415-53658-8 320 $aIncludes bibliographical references and index. 327 $apt. I. Neoliberalism and the paradox of sovereignty in the Caribbean -- pt. II. Arrested development and the cultural turn -- pt. III. Caribbean futures : democracy imperiled. 330 $aMany of the nations of the Caribbean that have become independent states have maintained as a central, organizing, nationalist principle the importance in the beliefs of the ideals of sovereignty, democracy, and development. Yet in recent years, political instability, the relative size of these nations, and the increasing economic vulnerabilities of the region have generated much popular and policy discussions over the attainability of these goals. The geo-political significance of the region, its growing importance as a major transshipment gateway for illegal drugs coming from Latin Ameri 410 0$aRoutledge Advances in International Relations and Global Politics 606 $aDemocracy$zCaribbean Area 606 $aSovereignty 607 $aCaribbean Area$xPolitics and government$y21st century 607 $aCaribbean Area$xEconomic policy 607 $aCaribbean Area$xForeign relations$y1945- 608 $aElectronic books. 615 0$aDemocracy 615 0$aSovereignty. 676 $a972.905/3 701 $aLewis$b Linden$f1953-$0856171 801 0$bMiAaPQ 801 1$bMiAaPQ 801 2$bMiAaPQ 906 $aBOOK 912 $a9910463156003321 996 $aCaribbean sovereignty, development and democracy in an age of globalization$91911581 997 $aUNINA LEADER 04383nam 2200937z- 450 001 9910639991603321 005 20231214133042.0 010 $a3-0365-5828-4 035 $a(CKB)5470000001633437 035 $a(oapen)https://directory.doabooks.org/handle/20.500.12854/95866 035 $a(EXLCZ)995470000001633437 100 $a20202301d2022 |y 0 101 0 $aeng 135 $aurmn|---annan 181 $ctxt$2rdacontent 182 $cc$2rdamedia 183 $acr$2rdacarrier 200 10$aTraditional Chinese State Ritual System of Sacrifice to Mountain and Water Spirits 210 $aBasel$cMDPI - Multidisciplinary Digital Publishing Institute$d2022 215 $a1 electronic resource (180 p.) 311 $a3-0365-5827-6 330 $aThis book focuses on the traditional Chinese ritual system of sacrifice to mountain and water spirits, a significant but largely overlooked sub-field of Chinse religious studies. This system mainly comprised the five sacred peaks, five strongholds, four seas, and four waterways, and was maintained for two thousand years in imperial China. As state ritual, it was constructed of by Confucian ritual culture, but in practice, it gradually interacted and integrated with various religious traditions, such as Daoism, Buddhism, and folk belief, especially in its local manifestation and dissemination. The eighteen great mountains and waters marked geographical and directional borders and territories modelled on the yin-yang and five-phase framework that helped shape Chinese people?s cosmographical understanding of the world. Together, they constituted a set of sacred spaces symbolizing the sanctioned political legitimacy of the imperium and functioning as the loca for communication with the divine, as well as the media between religion and its secular context, state ideology and local beliefs, or various ethnic groups. Through the discovery of a rich variety of historical sources, especially stele inscriptions preserved in the sacrificial temples, the contributors of the ten chapters in this volume examine the sacred peaks, strongholds, seas, and waterways respectively. While each of the chapters explores one or more perspectives, together they reveal the rich implications and ramification of the ritual system and present the first comprehensive study of this sub-field. 606 $aReligion & beliefs$2bicssc 610 $afive sacred peaks 610 $afive strongholds 610 $afour seas 610 $afour waterways 610 $astate ritual system of sacrifice 610 $aChinese religion 610 $aChinese historical geography 610 $aSouth Sea God 610 $astate sacrificial ritual 610 $aZhang Jiuling 610 $aZhang Jiuzhang 610 $aZhang Jiugao 610 $aTang dynasty 610 $aBuddhism 610 $aMount Yi 610 $aEastern Stronghold Temple 610 $astate sacrifice 610 $aDaoism 610 $aComplete Perfection Daoism 610 $aearly Chinese poetry 610 $amedieval Chinese poetry 610 $arivers 610 $afu (rhapsody) 610 $aMilky Way 610 $anoble titles 610 $amountain and water spirits 610 $aTang era 610 $aMount Yiwulü 610 $aNorthern Stronghold 610 $aBeizhen 610 $aethnic minority in northern China 610 $alegitimacy of political regime 610 $athe Yangzi River 610 $awater spirits 610 $aofficial sacrifice 610 $acodes of state ritual 610 $aimperial power 610 $aTang China 610 $aSima Chengzhen 610 $ashrines for the perfected lords of the five sacred peaks 610 $asacred river 610 $aJidu 610 $astate ritual system 610 $apolitical legitimacy 610 $areligious practice 610 $aimperial China 610 $athe South Sea God 610 $asacrificial ritual 610 $anational god 610 $afolk god 610 $alocalization 615 7$aReligion & beliefs 700 $aJia$b Jinhua$4edt$01154190 702 $aJia$b Jinhua$4oth 906 $aBOOK 912 $a9910639991603321 996 $aTraditional Chinese State Ritual System of Sacrifice to Mountain and Water Spirits$93026686 997 $aUNINA